African Countries With The Most Coups - Statistics

General Stats
  • This quiz has been taken 39 times
  • The average score is 12 of 13
Answer Stats
Picture Hint Answer % Correct
6 Coups Chad
100%
6 Coups Ghana
100%
6 Coups Mauritania
97%
8 Coups Nigeria
97%
6 Coups Burundi
94%
5 Coups Ethiopia
94%
5 Coups Sierra Leone
94%
6 Coups Sudan
94%
10 Coups Burkina Faso
91%
5 Coups Central African Republic
91%
5 Coups Libya
91%
5 Coups Benin
86%
6 Coups Comoros
86%
No matching quizzes found
Score Distribution
Percent of People with Each Score
Percentile by Number Answered
Your Score History
You have not taken this quiz